Capitals Far From Border Quiz Stats

Quiz Updated Dec 16, 2013

Challenge
Share
Tweet
Embed
Score 0/20 Timer 07:00
13 Plays Today
Distance (miles) Capital % Correct
294Washington, USA
85.9%
1157Canberra, Australia
80.2%
414Beijing, China
79.8%
653Brasilia, Brazil
73.9%
456Mexico City, Mexico
73.4%
925Wellington, New Zealand
72%
571Tokyo, Japan
69.5%
301Jakarta, Indonesia
49.3%
336Reykjavik, Iceland
45.9%
506Manila, Philippines
42%
Distance (miles) Capital % Correct
318Lima, Peru
34.9%
349Suva, Fiji
30.2%
285Malé, Maldives
27.5%
438Antananarivo, Madagascar
27.3%
290Ankara, Turkey
25%
401Victoria, Seychelles
22.3%
309Funafuti, Tuvalu
19%
331Honiara, Solomon Islands
16.5%
320Tarawa, Kiribati
15.8%
401Praia, Cabo Verde
15.4%

You're not logged in!

Compare scores with friends on all Sporcle quizzes.
Sign Up with Email
OR
Log In

You Might Also Like...

Show Comments

Extras

Top Quizzes Today


Score Distribution

Your Account Isn't Verified!

In order to create a playlist on Sporcle, you need to verify the email address you used during registration. Go to your Sporcle Settings to finish the process.